00390nam a2200133Ia 4500003000400000008004100004020002700045040000800072100002000080245010100100260002800201300001500229365001200244LDD181029s9999 xx 000 0 und d a9780415391955cP 85.00 cLDD aNardi, Isabella 0aTheory of citrasutras in Indian paintingbA critical re-evaluation of their usescIsabella Nardi aLondonbRoutledgec2006 axviii, 190 bP 85.00